Apogeo de la ciudad cristiana
Uloženo v:
| Hlavní autor: | |
|---|---|
| Médium: | Kniha |
| Jazyk: | španělština |
| Vydáno: |
Mendoza
Univesidad Nacional de Cuyo
1976
|
| Edice: | Cuadernos, 41
|
| Témata: | |
| Tagy: |
Přidat tag
Žádné tagy, Buďte první, kdo vytvoří štítek k tomuto záznamu!
|
MARC
| LEADER | 00000nam a2200000 a 4500 | ||
|---|---|---|---|
| 001 | UCT7967 | ||
| 003 | CL-VaPUC | ||
| 008 | 970317e19760000AG |||||||||||||||||spa|d | ||
| 082 | 0 | 4 | |a 270.4 |b CAL |2 21 |
| 100 | |a Calderón Bouchet, Rubén |e author |9 379357 | ||
| 245 | 1 | 0 | |a Apogeo de la ciudad cristiana |
| 300 | |a 2 v | ||
| 942 | |c BK | ||
| 945 | |d 19970317 00:00:00 |a paguirre | ||
| 260 | |a Mendoza |b Univesidad Nacional de Cuyo |c 1976 | ||
| 650 | 0 | |a Iglesia Católica |9 256114 | |
| 650 | 0 | |a Edad media |9 258041 | |
| 650 | 0 | |a Historia medieval |9 258042 | |
| 650 | 0 | |a Cristianismo |9 257361 | |
| 650 | 7 | |a SANTOS |2 CL-VaPUC |9 313738 | |
| 651 | 0 | |a Europa |9 255156 | |
| 583 | |a last modification |c 19970317 00:00:00 |k Rodrigo Vera | ||
| 490 | 0 | |a Cuadernos, 41 | |
| 999 | |c 256512 |d 256510 | ||
| 952 | |0 0 |1 0 |4 0 |6 270_400000000000000_CAL_1976 |7 0 |8 A |9 279290 |a BIBDER |b BIBDER |d 2019-11-19 |h v.1 |i 1811266 |o 270.4 CAL 1976 |p 1811266 |r 2023-01-25 |w 2019-11-19 |y BK |k DER | ||
| 952 | |0 0 |1 0 |4 0 |6 270_400000000000000_CAL_1976 |7 0 |8 A |9 279291 |a BIBDER |b BIBDER |d 2019-11-19 |h v.2 |i 1811274 |o 270.4 CAL 1976 |p 1811274 |r 2023-01-25 |w 2019-11-19 |y BK |k DER | ||